000 00792nam a2200145Ia 4500
008 100204s9999 xx 000 0 und d
082 _b24260
100 _aभावे सरिता रा.
245 _aअवघेचि अलौकिक कै. किशोर पोळ यांच्या जीवनसंघर्षाची कथा
260 _b"उत्कर्ष प्रकाशन, पुणे"
_c2000
300 _a236
630 _aअवघेचि अलौकिक कै. किशोर पोळ यांच्या जीवनसंघर्षाची कथा
730 _aअवघेचि अलौकिक कै. किशोर पोळ यांच्या जीवनसंघर्षाची कथा
942 _cBOOK
999 _c469441
_d469438